[Event "Pan American-ch U20"]
[Site "Cochabamba"]
[Date "2019.08.05"]
[Round "8"]
[White "Montevilla Cahuasa, Elias Alejandro"]
[Black "Montevilla Cahuasa, Jonathan Isaac"]
[Result "1-0"]
[WhiteElo "1326"]
[BlackElo "1231"]
[PlyCount "27"]
[EventDate "2019.08.01"]
[EventType "swiss"]
[EventRounds "9"]
[EventCountry "BOL"]
[SourceTitle "EXT 2021"]
[Source "ChessBase"]
[SourceDate "2020.10.23"]
[SourceVersion "1"]
[SourceVersionDate "2020.10.23"]
[SourceQuality "1"]

1. e4 e5 2. d4 exd4 3. Qxd4 Nc6 4. Qe3 b6 5. Nc3 Bb7 6. Bc4 Bc5 7. Qf4 Qf6 8. Qg3 Nb4 9. Bg5 Nxc2+ 10. Kd2 Qd4+ 11. Kxc2 Qxc4 12. Qe5+ Ne7 13. b3 Bd4 14. Qxe7# 1-0